Tropical pastures and fodder crops / (Record no. 14749)

000 -LEADER
fixed length control field 00429cam a2200169 i 4500
020 ## - INTERNATIONAL STANDARD BOOK NUMBER
ISBN 058260303X :
040 ## - CATALOGING SOURCE
Transcribing agency DLC
082 00 - DEWEY DECIMAL CLASSIFICATION NUMBER
Classification number 633 LON 1978 A052 Or.
100 1# - MAIN ENTRY--AUTHOR NAME
Personal name Humphreys, L. R.
245 10 - TITLE STATEMENT
Title Tropical pastures and fodder crops /
260 ## - PUBLICATION, DISTRIBUTION, ETC. (IMPRINT)
Place of publication London :
Name of publisher Longman Group,
Year of publication 1978.
300 ## - PHYSICAL DESCRIPTION
Number of Pages viii, 135 p. :
Other physical details ill. ;
Dimensions 22 cm.
650 #0 - SUBJECT ADDED ENTRY--TOPICAL TERM
Topical Term Pastures
650 #0 - SUBJECT ADDED ENTRY--TOPICAL TERM
Topical Term Forage plants
650 #0 - SUBJECT ADDED ENTRY--TOPICAL TERM
Topical Term Tropical crops.
942 ## - ADDED ENTRY ELEMENTS (KOHA)
Koha item type សៀវភៅភាសាអង់គ្លេស
952 ## - LOCATION AND ITEM INFORMATION (KOHA)
Withdrawn status [LOCAL, KOHA] 0
Holdings
Permanent Location Date acquired Koha item type Lost status Shelving location Barcode Current Location Full call number
Library Block A2017-10-25សៀវភៅភាសាអង់គ្លេស A052A21669Library Block A633 LON 1978 A052 Or.
មជ្ឈមណ្ឌលឯការនៃសាកលវិទ្យាល័យភូមិន្ទកសិកម្មចំការដូង

Powered by Koha